000 00628nam a2200205Ia 4500
001 64326
003 OSt
005 20150702102745.0
008 150204s9999 xx 000 0 und d
020 _aNA
040 _cPK-LaUMT
082 _a 891.4393
_bSIR-R
100 _aSirah Hashmi(سراح پاشمی)
245 _aRaddi kaagaz ka tukra (Urdu)(ردی کاغز کا ٹکڑا)
_cSirah Hashmi(سراح ہاشمی)
260 _aLahore,Pakistan:(لاہور، پاکستان )
_bMaqbool Academy,(مقبول اکیڈمی)
_c1990
300 _a328 p.
546 _aUR
650 _aUrdu literature-Pakistan
942 _cBK
_2ddc
999 _c65475
_d65475